[Event "BPB Limburg open A"]
[Site "Maastricht"]
[Date "2014.06.09"]
[Round "7"]
[White "Fier, Alexandr"]
[Black "Berg, Emanuel"]
[Result "0-1"]
[WhiteElo "2580"]
[BlackElo "2547"]
[PlyCount "62"]
[EventDate "2014.06.06"]
[EventType "swiss"]
[EventRounds "7"]
[EventCountry "NED"]
[Source "P.Boonen"]
[SourceDate "2014.10.10"]

1. d4 Nf6 2. Bg5 e6 3. Nd2 c5 4. e3 h6 5. Bxf6 Qxf6 6. Ne4 Qd8 7. dxc5 Bxc5 8.
Nxc5 Qa5+ 9. Qd2 Qxc5 10. O-O-O Nc6 11. e4 O-O 12. f4 d5 13. e5 b5 14. Nf3 a5
15. g4 b4 16. Kb1 a4 17. Bd3 Ba6 18. g5 b3 19. Bxa6 Rxa6 20. cxb3 axb3 21. a3
Na5 22. Rc1 Nc4 23. Qd4 Nxa3+ 24. bxa3 Qxa3 25. Qb2 Qb4 26. Qd4 Qa3 27. Qb2 Qb4
28. Qd4 Qa5 29. Qb2 Rfa8 30. Nd4 Qb4 31. Nxb3 Ra3 0-1

[Event "BPB Limburg open A"]
[Site "Maastricht"]
[Date "2014.06.09"]
[Round "7"]
[White "Gijsen, Stief"]
[Black "Dardha, Arben"]
[Result "0-1"]
[WhiteElo "2156"]
[BlackElo "2284"]
[PlyCount "42"]
[EventDate "2014.06.06"]
[EventType "swiss"]
[EventRounds "7"]
[EventCountry "NED"]
[Source "P.Boonen"]
[SourceDate "2014.10.10"]

1. d4 Nf6 2. c4 e6 3. Nc3 Bb4 4. e3 b6 5. Nge2 Ba6 6. a3 Be7 7. Ng3 d5 8. b3
O-O 9. Bd3 c5 10. Bb2 dxc4 11. bxc4 Nc6 12. Nce4 cxd4 13. exd4 Nxd4 14. Nh5
Nxh5 15. Qxh5 f5 16. Nc3 Bf6 17. O-O Rc8 18. Rad1 Qe8 19. Qh3 Bxc4 20. Rfe1
Bxd3 21. Rxd3 Qf7 0-1

[Event "BPB Limburg open A"]
[Site "Maastricht"]
[Date "2014.06.09"]
[Round "7"]
[White "Goudriaan, Etienne"]
[Black "Von Meijenfeldt, Bart"]
[Result "1/2-1/2"]
[WhiteElo "2408"]
[BlackElo "2322"]
[PlyCount "25"]
[EventDate "2014.06.06"]
[EventType "swiss"]
[EventRounds "7"]
[EventCountry "NED"]
[Source "P.Boonen"]
[SourceDate "2014.10.10"]

1. e4 c5 2. Nf3 d6 3. d4 cxd4 4. Nxd4 Nf6 5. Nc3 a6 6. Bg5 e6 7. f4 Qc7 8. Qd2
Nbd7 9. O-O-O b5 10. Bxf6 Nxf6 11. Bd3 Bb7 12. Rhe1 O-O-O 13. Nb3 1/2-1/2

[Event "BPB Limburg open A"]
[Site "Maastricht"]
[Date "2014.06.09"]
[Round "7"]
[White "Groffen, Hans"]
[Black "De Wit, Albert"]
[Result "0-1"]
[WhiteElo "2190"]
[BlackElo "1999"]
[PlyCount "90"]
[EventDate "2014.06.06"]
[EventType "swiss"]
[EventRounds "7"]
[EventCountry "NED"]
[Source "P.Boonen"]
[SourceDate "2014.10.10"]

1. d4 g6 2. Nf3 Bg7 3. c4 d6 4. e4 Nd7 5. Nc3 e5 6. Be3 Ne7 7. h4 h5 8. Qd2
exd4 9. Nxd4 Nc6 10. Bg5 Bf6 11. Nd5 Bxg5 12. hxg5 Nxd4 13. Qxd4 O-O 14. f4 c6
15. Nc3 Nc5 16. O-O-O Bg4 17. Be2 Bxe2 18. Nxe2 Qe7 19. Ng3 Ne6 20. Qf6 Qxf6
21. gxf6 Nxf4 22. Kb1 Rfd8 23. Rdf1 Ne6 24. Nf5 Ng5 25. Ne7+ Kf8 26. Rf4 Nh7
27. Rhf1 Rd7 28. c5 dxc5 29. e5 Ng5 30. g4 h4 31. Rh1 h3 32. Rf3 Rxe7 33. fxe7+
Kxe7 34. Rc3 Rh8 35. Rh2 b6 36. b4 Rh4 37. bxc5 b5 38. Rg3 Ke6 39. a4 bxa4 40.
Kb2 Kxe5 41. Ka3 Kf4 42. Rd3 Kxg4 43. Kxa4 Nf3 44. Rh1 Kg3+ 45. Ka5 h2 0-1

[Event "BPB Limburg open A"]
[Site "Maastricht"]
[Date "2014.06.09"]
[Round "7"]
[White "Hansen, Victor"]
[Black "Den Hartog, Marijn"]
[Result "1-0"]
[WhiteElo "2121"]
[BlackElo "2036"]
[PlyCount "77"]
[EventDate "2014.06.06"]
[EventType "swiss"]
[EventRounds "7"]
[EventCountry "NED"]
[Source "P.Boonen"]
[SourceDate "2014.10.10"]

1. d4 Nf6 2. c4 g6 3. Nc3 Bg7 4. e4 d6 5. Nf3 O-O 6. Bd3 Nbd7 7. O-O c6 8. h3
e5 9. d5 cxd5 10. cxd5 Ne8 11. Bg5 f6 12. Bh4 Bh6 13. b4 a6 14. Nh2 b5 15. Ng4
Bg7 16. Rc1 Qb6 17. Qd2 h5 18. Ne3 Bh6 19. Rfe1 f5 20. exf5 gxf5 21. Qe2 Ng7
22. g4 hxg4 23. hxg4 Bxe3 24. fxe3 e4 25. Bb1 Ne5 26. Kg2 Nxg4 27. Nxe4 fxe4
28. Rxc8 Raxc8 29. Qxg4 Rc4 30. Bxe4 Re8 31. Bf6 Qb7 32. Bd4 Qe7 33. Bd3 Rxd4
34. Qxd4 Qg5+ 35. Kh3 Nh5 36. Qg4 Nf4+ 37. Qxf4 Qh5+ 38. Qh4 Qf3+ 39. Qg3+ 1-0

[Event "BPB Limburg open A"]
[Site "Maastricht"]
[Date "2014.06.09"]
[Round "7"]
[White "Helmer, Christoph"]
[Black "Schleipfenbauer, Frank"]
[Result "1/2-1/2"]
[WhiteElo "2069"]
[BlackElo "2134"]
[PlyCount "117"]
[EventDate "2014.06.06"]
[EventType "swiss"]
[EventRounds "7"]
[EventCountry "NED"]
[Source "P.Boonen"]
[SourceDate "2014.10.10"]

1. d4 Nf6 2. c4 g6 3. Nc3 Bg7 4. e4 d6 5. Nf3 O-O 6. Be2 Na6 7. O-O e5 8. Re1
c6 9. Bf1 exd4 10. Nxd4 Ng4 11. Nf3 Qb6 12. Qe2 Be6 13. h3 Ne5 14. Nxe5 dxe5
15. Be3 Qc7 16. Red1 Rfd8 17. a3 b6 18. b4 Qe7 19. c5 b5 20. Qb2 Nc7 21. a4 a6
22. axb5 axb5 23. Rxd8+ Rxd8 24. Ra7 h6 25. Qa3 f5 26. Qa5 Rd7 27. f3 Qf7 28.
Bf2 fxe4 29. fxe4 Ne8 30. Rxd7 Qxd7 31. Qa8 Kf7 32. Be3 Nf6 33. Qa1 Nh5 34. Qc1
g5 35. Qd2 Qxd2 36. Bxd2 g4 37. Be2 Kg6 38. Bxg4 Bxg4 39. hxg4 Nf6 40. Kf2
Nxg4+ 41. Kf3 Nf6 42. Nd1 Ne8 43. Ne3 Nc7 44. Nf5 Bf8 45. Bc3 Kf6 46. Ne3 Bg7
47. Ng4+ Ke6 48. Nf2 Ne8 49. Nd3 Bf6 50. Kg3 Ng7 51. Kg4 h5+ 52. Kh3 Ne8 53. g4
hxg4+ 54. Kxg4 Ng7 55. Be1 Bd8 56. Kf3 Nh5 57. Bd2 Bf6 58. Bc3 Bh8 59. Bd2
1/2-1/2

[Event "BPB Limburg open A"]
[Site "Maastricht"]
[Date "2014.06.09"]
[Round "7"]
[White "Hovhanisian, Mher"]
[Black "Ernst, Sipke"]
[Result "1/2-1/2"]
[WhiteElo "2520"]
[BlackElo "2567"]
[PlyCount "278"]
[EventDate "2014.06.06"]
[EventType "swiss"]
[EventRounds "7"]
[EventCountry "NED"]
[Source "P.Boonen"]
[SourceDate "2014.10.10"]

1. e4 e5 2. Nf3 Nc6 3. Nc3 Nf6 4. Bb5 Bb4 5. O-O O-O 6. d3 Bxc3 7. bxc3 d6 8.
Bg5 Ne7 9. Nh4 Ne8 10. Bc4 Kh8 11. f4 f6 12. fxe5 dxe5 13. Be3 Nd6 14. Bb3 b6
15. Qh5 Bd7 16. Rae1 a5 17. a3 Qc8 18. h3 Be6 19. Bxe6 Qxe6 20. c4 Rab8 21. Rb1
Qd7 22. c5 Nb5 23. cxb6 cxb6 24. a4 Nd4 25. c3 Ne6 26. Qe2 Qxa4 27. Bxb6 Qc6
28. Qe3 Qxc3 29. Rfc1 Qa3 30. Ra1 Qd6 31. Bc5 Nxc5 32. Qxc5 Qd7 33. Qc7 Qd4+
34. Kh1 Rfe8 35. Qc3 Qf2 36. Qe1 Qxe1+ 37. Rxe1 Ra8 38. Ra3 Ra7 39. Rb1 Kg8 40.
Rb5 a4 41. g4 Nc6 42. Nf5 Rd8 43. Kg2 Nd4 44. Nxd4 Rxd4 45. Kf3 Kf7 46. g5 Kg6
47. gxf6 gxf6 48. Rb6 Rd8 49. Rb4 Kg5 50. Ke3 Rda8 51. d4 exd4+ 52. Rxd4 Ra5
53. Kf3 R8a7 54. Kg3 Kh5 55. Kf4 Kg6 56. Rg3+ Kf7 57. Ra3 Ke6 58. Rc4 h6 59.
Rd4 Kf7 60. Rc4 Kg6 61. Rd4 R7a6 62. Rc4 Kh5 63. Rd4 Ra7 64. Rd6 Kg6 65. Rd4
R5a6 66. Rg3+ Kf7 67. Ra3 Ra5 68. Rc4 Kg6 69. Rd4 Rh5 70. Rdxa4 Rxa4 71. Rxa4
Rxh3 72. Ra6 Rh4+ 73. Kf3 Rh5 74. Kf4 Rb5 75. Ra8 Rb4 76. Rg8+ Kf7 77. Rh8 Kg7
78. Ra8 Rc4 79. Kf5 Rc5+ 80. Kf4 Kg6 81. Rg8+ Kf7 82. Rh8 Kg7 83. Ra8 Rc1 84.
Ra7+ Kg6 85. Ra6 Rf1+ 86. Kg3 Re1 87. Kf4 h5 88. Ra8 Rf1+ 89. Kg3 Rg1+ 90. Kf4
Rg4+ 91. Kf3 Kf7 92. Ra7+ Kg6 93. Ra8 Rg5 94. Kf4 Rb5 95. Rg8+ Kf7 96. Rh8 Rg5
97. Rh7+ Ke6 98. Ra7 Rg4+ 99. Kf3 Rg8 100. Rh7 Rg5 101. Kf4 Ra5 102. Rh8 Kf7
103. Rh7+ Kg6 104. Rh8 Ra1 105. Rg8+ Kf7 106. Rh8 Rf1+ 107. Kg3 Rh1 108. Kg2
Rh4 109. Kf3 Rh3+ 110. Kg2 Rh4 111. Kf3 Kg7 112. Rb8 Rh1 113. Kg2 Rc1 114. Kf3
Rc3+ 115. Kf4 h4 116. Kg4 h3 117. Rb7+ Kg6 118. Rb8 Kf7 119. Rh8 Ke6 120. Kf4
Rd3 121. Rh7 Ra3 122. Rh8 Rb3 123. Rh7 Rc3 124. Rh8 Kf7 125. Rh4 Kg6 126. Rh8
Ra3 127. Rh4 Kf7 128. Rh7+ Ke6 129. Rh8 Rb3 130. Rh7 Rc3 131. Rh8 Kf7 132. Rh7+
Kg8 133. Rh6 Kg7 134. Rh4 Rd3 135. Rg4+ Kh6 136. Rh4+ Kg6 137. Rh8 Rc3 138. Rh4
Kf7 139. Rh7+ Ke6 1/2-1/2

[Event "BPB Limburg open A"]
[Site "Maastricht"]
[Date "2014.06.09"]
[Round "7"]
[White "Huesmann, Thomas"]
[Black "Clemens, Adrian HP"]
[Result "1/2-1/2"]
[WhiteElo "2191"]
[BlackElo "2188"]
[PlyCount "54"]
[EventDate "2014.06.06"]
[EventType "swiss"]
[EventRounds "7"]
[EventCountry "NED"]
[Source "P.Boonen"]
[SourceDate "2014.10.10"]

1. e4 c5 2. c3 d5 3. exd5 Nf6 4. d4 Nxd5 5. dxc5 e6 6. c4 Nb4 7. Qxd8+ Kxd8 8.
Na3 Bxc5 9. Nf3 f6 10. Be2 N8c6 11. O-O a6 12. Bd2 Ke7 13. Rfd1 Rd8 14. Bxb4
Rxd1+ 15. Bxd1 Nxb4 16. Ne1 Bd4 17. Nac2 Nxc2 18. Bxc2 Bxb2 19. Rb1 Bc3 20.
Bxh7 f5 21. Bg6 b5 22. Bh5 bxc4 23. Be2 Bxe1 24. Rxe1 c3 25. Rc1 Bb7 26. Rxc3
Rc8 27. Rxc8 Bxc8 1/2-1/2

[Event "BPB Limburg open A"]
[Site "Maastricht"]
[Date "2014.06.09"]
[Round "7"]
[White "Jablonowski, Christoph"]
[Black "Surewaard, Wilbert"]
[Result "0-1"]
[WhiteElo "2010"]
[BlackElo "2116"]
[PlyCount "82"]
[EventDate "2014.06.06"]
[EventType "swiss"]
[EventRounds "7"]
[EventCountry "NED"]
[Source "P.Boonen"]
[SourceDate "2014.10.10"]

1. d4 Nf6 2. Nf3 c5 3. g3 g6 4. Bg2 Bg7 5. O-O O-O 6. c4 d6 7. Nc3 cxd4 8. Nxd4
Qa5 9. Ncb5 a6 10. b4 Qxb4 11. Nc7 Ra7 12. Be3 Ng4 13. Nd5 Nxe3 14. Nxe7+ Kh8
15. fxe3 Bd7 16. Rb1 Qc5 17. Bxb7 Bh3 18. Rf4 Nd7 19. Nec6 Rxb7 20. Rxb7 Ne5
21. Qa4 Nxc6 22. Qxc6 Bxd4 23. Qxc5 Bxc5 24. Kf2 Be6 25. Re7 Kg7 26. Re4 Kg8
27. Ke1 a5 28. Kd2 Rb8 29. Kc1 a4 30. Kd1 a3 31. Ke1 Rb2 32. Re8+ Kg7 33. Re7
Kf6 34. Re8 Rxa2 35. g4 g5 36. Rh8 Rc2 37. Kf2 a2 38. Ra8 Rxc4 39. Rxe6+ fxe6
40. Rxa2 Rc3 41. Ra8 Rxe3 0-1

[Event "BPB Limburg open A"]
[Site "Maastricht"]
[Date "2014.06.09"]
[Round "7"]
[White "L'Ami, Alina"]
[Black "Senders, Mischa"]
[Result "1-0"]
[WhiteElo "2444"]
[BlackElo "2159"]
[PlyCount "47"]
[EventDate "2014.06.06"]
[EventType "swiss"]
[EventRounds "7"]
[EventCountry "NED"]
[Source "P.Boonen"]
[SourceDate "2014.10.10"]

1. d4 Nf6 2. c4 c5 3. d5 b5 4. cxb5 a6 5. f3 d6 6. e4 g6 7. Nc3 Bg7 8. a4 O-O
9. Bc4 axb5 10. Bxb5 Ba6 11. Nge2 Bxb5 12. Nxb5 Na6 13. O-O Nd7 14. Nec3 Qa5
15. Bg5 Rfe8 16. Qe2 Nb4 17. Kh1 Rac8 18. f4 c4 19. Qg4 Nb6 20. f5 Nd3 21. fxg6
hxg6 22. Qh4 Qb4 23. Bxe7 Qxb2 24. Bf6 1-0

[Event "BPB Limburg open A"]
[Site "Maastricht"]
[Date "2014.06.09"]
[Round "7"]
[White "Lecomte, Robin"]
[Black "Sekandar, Kambiz"]
[Result "1-0"]
[WhiteElo "2038"]
[BlackElo "2100"]
[PlyCount "73"]
[EventDate "2014.06.06"]
[EventType "swiss"]
[EventRounds "7"]
[EventCountry "NED"]
[Source "P.Boonen"]
[SourceDate "2014.10.10"]

1. e4 c6 2. d4 d5 3. e5 Bf5 4. Nf3 e6 5. Bd3 Bxd3 6. Qxd3 Qb6 7. O-O c5 8. c4
Qa6 9. b3 Nc6 10. Nc3 dxc4 11. bxc4 cxd4 12. Nb5 O-O-O 13. Bf4 Bc5 14. Ng5 Rd7
15. Ne4 Be7 16. Qg3 g6 17. Rfb1 h5 18. Qd3 Nh6 19. Nbd6+ Bxd6 20. exd6 Qa5 21.
Rb5 Qd8 22. Rab1 Nf5 23. Nc5 Nxd6 24. Bxd6 Rxd6 25. Nxb7 Qc7 26. Nxd6+ Qxd6 27.
c5 Qd5 28. Qa3 Rd8 29. Rb7 Rd7 30. Qa6 Kd8 31. Rxd7+ Kxd7 32. Rb7+ Ke8 33. Rc7
Nd8 34. Qd6 Qxd6 35. cxd6 a5 36. Kf1 e5 37. Re7+ 1-0

[Event "BPB Limburg open A"]
[Site "Maastricht"]
[Date "2014.06.09"]
[Round "7"]
[White "Lentjes, Noud"]
[Black "Weller, Manuel"]
[Result "1-0"]
[WhiteElo "2054"]
[BlackElo "2200"]
[PlyCount "79"]
[EventDate "2014.06.06"]
[EventType "swiss"]
[EventRounds "7"]
[EventCountry "NED"]
[Source "P.Boonen"]
[SourceDate "2014.10.10"]

1. e4 c5 2. Nf3 d6 3. d4 cxd4 4. Nxd4 Nf6 5. Nc3 a6 6. f3 e6 7. Be3 b5 8. a3
Nbd7 9. Qd2 Nb6 10. O-O-O Bb7 11. g4 Nfd7 12. h4 Rc8 13. g5 Ne5 14. h5 Be7 15.
Rg1 Nbc4 16. Bxc4 Nxc4 17. Qd3 Qc7 18. g6 hxg6 19. hxg6 Bf6 20. gxf7+ Kxf7 21.
Bg5 Qe7 22. f4 Rc5 23. Bxf6 Qxf6 24. f5 exf5 25. Nxf5 Bxe4 26. Nxd6+ Nxd6 27.
Nxe4 Qf4+ 28. Nd2 Qh6 29. Rdf1+ Ke7 30. Rg6 Qh2 31. Rxg7+ Kd8 32. Ra7 Qe5 33.
Nf3 Qf4+ 34. Kb1 Rh3 35. Rg1 Rg3 36. Rh1 Rg8 37. Rxa6 Kc7 38. Rh7+ Nf7 39.
Rxf7+ Qxf7 40. Ra7+ 1-0

[Event "BPB Limburg open A"]
[Site "Maastricht"]
[Date "2014.06.09"]
[Round "7"]
[White "Maisuradze, Nino"]
[Black "Admiraal, Miguoel"]
[Result "1/2-1/2"]
[WhiteElo "2255"]
[BlackElo "2339"]
[PlyCount "85"]
[EventDate "2014.06.06"]
[EventType "swiss"]
[EventRounds "7"]
[EventCountry "NED"]
[Source "P.Boonen"]
[SourceDate "2014.10.10"]

1. d4 Nf6 2. c4 e6 3. Nf3 d5 4. Nc3 Nbd7 5. cxd5 exd5 6. Bf4 c6 7. e3 Nh5 8.
Bg5 Be7 9. h4 h6 10. Bxe7 Qxe7 11. Qc2 Nhf6 12. O-O-O Nb6 13. Ne5 Ng4 14. Nxg4
Bxg4 15. Re1 O-O-O 16. Bd3 Kb8 17. Na4 Nxa4 18. Qxa4 Qf6 19. Qc2 Rhe8 20. Kb1
Rd6 21. Rc1 Bh5 22. Ka1 Bg6 23. Bxg6 Qxg6 24. Qxg6 Rxg6 25. g3 Kc7 26. Kb1 Kd6
27. Rc2 Rf6 28. Kc1 Rf3 29. Kd1 Re6 30. b4 Ref6 31. Rh2 h5 32. Ke2 R3f5 33. Kd3
a6 34. Ke2 Kc7 35. a3 Kb6 36. Rc3 Rf3 37. Rg2 R3f5 38. Rh2 Kc7 39. Rc2 Re6 40.
Rh1 Ref6 41. Rh2 Kb6 42. Rc5 g6 43. Rg2 1/2-1/2

[Event "BPB Limburg open A"]
[Site "Maastricht"]
[Date "2014.06.09"]
[Round "7"]
[White "Mende, Andreas"]
[Black "Nguyen, Kevin"]
[Result "1/2-1/2"]
[WhiteElo "2165"]
[BlackElo "1929"]
[PlyCount "80"]
[EventDate "2014.06.06"]
[EventType "swiss"]
[EventRounds "7"]
[EventCountry "NED"]
[Source "P.Boonen"]
[SourceDate "2014.10.10"]

1. d4 Nf6 2. c4 c5 3. d5 e6 4. Nc3 exd5 5. cxd5 d6 6. g3 g6 7. Bg2 Bg7 8. Nf3
O-O 9. O-O Na6 10. h3 Nc7 11. a4 Rb8 12. e4 Re8 13. Re1 Nd7 14. Bf4 Ne5 15.
Bxe5 dxe5 16. Nd2 a6 17. a5 Nb5 18. Nc4 Nd6 19. Nb6 Bd7 20. Nca4 Bxa4 21. Qxa4
Nb5 22. Rac1 Bf8 23. Bf1 Nd4 24. Red1 Bd6 25. Rc3 Re7 26. Rdc1 Rc7 27. b4 cxb4
28. Rxc7 Bxc7 29. Qxb4 Bd6 30. Qa4 Qg5 31. Qd1 f5 32. Nc8 Ba3 33. Rc4 Qd8 34.
Nb6 Qg5 35. h4 Qe7 36. exf5 gxf5 37. Qa4 Nf3+ 38. Kg2 Ne1+ 39. Kg1 Nf3+ 40. Kg2
Ne1+ 1/2-1/2

[Event "BPB Limburg open A"]
[Site "Maastricht"]
[Date "2014.06.09"]
[Round "7"]
[White "Mollema, Thomas"]
[Black "Scholzen, Wolfgang"]
[Result "1/2-1/2"]
[WhiteElo "2059"]
[BlackElo "2120"]
[PlyCount "30"]
[EventDate "2014.06.06"]
[EventType "swiss"]
[EventRounds "7"]
[EventCountry "NED"]
[Source "P.Boonen"]
[SourceDate "2014.10.10"]

1. e4 e5 2. Nf3 Nc6 3. Bb5 a6 4. Ba4 Nf6 5. Qe2 b5 6. Bb3 Be7 7. O-O O-O 8. c3
d6 9. Rd1 Na5 10. Bc2 c5 11. d4 Qc7 12. d5 Bg4 13. h3 Bxf3 14. Qxf3 b4 15. Nd2
bxc3 1/2-1/2

[Event "BPB Limburg open A"]
[Site "Maastricht"]
[Date "2014.06.09"]
[Round "7"]
[White "Offringa, Joost"]
[Black "Rose, Dominik"]
[Result "1/2-1/2"]
[WhiteElo "2253"]
[BlackElo "2127"]
[PlyCount "93"]
[EventDate "2014.06.06"]
[EventType "swiss"]
[EventRounds "7"]
[EventCountry "NED"]
[Source "P.Boonen"]
[SourceDate "2014.10.10"]

1. e4 d5 2. exd5 Nf6 3. Nc3 Nxd5 4. Bc4 Nxc3 5. Qf3 e6 6. dxc3 Qf6 7. Qe2 Bd6
8. Nf3 h6 9. Be3 Nc6 10. O-O-O Bd7 11. Nd2 O-O-O 12. Ne4 Qe7 13. Rd2 Kb8 14.
Rhd1 Bc8 15. Bb5 f5 16. Bxc6 bxc6 17. Nxd6 Rxd6 18. Qc4 Rhd8 19. Qc5 Bb7 20.
Qxa7+ Kc8 21. Rxd6 Rxd6 22. Rd4 Rxd4 23. Qxd4 e5 24. Qc4 Kb8 25. g3 g5 26. a4
f4 27. Bc5 Qd7 28. a5 Qd5 29. Qxd5 cxd5 30. Bf8 fxg3 31. hxg3 h5 32. Be7 g4 33.
Kd2 Ba6 34. Ke3 Kb7 35. Bf6 e4 36. Kd4 Kc6 37. Ke5 Be2 38. Ke6 Bd1 39. a6 Bxc2
40. Bd4 Bb3 41. a7 Kb7 42. Kd7 Ba4+ 43. Kd8 c6 44. Ke7 Bb3 45. Kf6 Bd1 46. Kg5
Be2 47. Kxh5 1/2-1/2

[Event "BPB Limburg open A"]
[Site "Maastricht"]
[Date "2014.06.09"]
[Round "7"]
[White "Perrenet, Jacob"]
[Black "Degro, Heiko"]
[Result "1/2-1/2"]
[WhiteElo "2086"]
[BlackElo "2042"]
[PlyCount "113"]
[EventDate "2014.06.06"]
[EventType "swiss"]
[EventRounds "7"]
[EventCountry "NED"]
[Source "P.Boonen"]
[SourceDate "2014.10.10"]

1. Nc3 d5 2. e4 c6 3. Qf3 e6 4. Nh3 dxe4 5. Nxe4 Nd7 6. d4 Ngf6 7. Bd3 Nxe4 8.
Qxe4 Nf6 9. Qh4 Qa5+ 10. Bd2 Qh5 11. Qxh5 Nxh5 12. O-O-O Nf6 13. f4 Bd6 14. c4
c5 15. Bc3 O-O 16. g4 Nxg4 17. dxc5 Bxc5 18. b4 Bb6 19. Ng5 Be3+ 20. Kb1 f5 21.
Nh3 b6 22. Rhe1 Bb7 23. Be2 Be4+ 24. Kb2 Nf2 25. Rd7 Rf7 26. Rxf7 Kxf7 27. Bh5+
g6 28. Rxe3 Nd3+ 29. Rxd3 Bxd3 30. Ng5+ Ke7 31. Bf3 Rc8 32. c5 bxc5 33. bxc5 h6
34. Nh3 Rb8+ 35. Kc1 Rb5 36. Kd2 Bf1 37. Nf2 g5 38. Nd3 Bxd3 39. Kxd3 Kd7 40.
Kc4 Rb1 41. c6+ Kc8 42. fxg5 hxg5 43. Bh5 Rc1 44. Be8 Kc7 45. Kd3 Rd1+ 46. Bd2
f4 47. Kc2 Rh1 48. Ba5+ Kb8 49. c7+ Kc8 50. Bb5 Rxh2+ 51. Kd3 Rh8 52. Ke4 Rf8
53. Ba6+ Kd7 54. Bb4 Rg8 55. Ba5 Rf8 56. a4 f3 57. Bb4 1/2-1/2

[Event "BPB Limburg open A"]
[Site "Maastricht"]
[Date "2014.06.09"]
[Round "7"]
[White "Peschlow, Patrick"]
[Black "Van den Doel, Erik"]
[Result "0-1"]
[WhiteElo "2351"]
[BlackElo "2553"]
[PlyCount "78"]
[EventDate "2014.06.06"]
[EventType "swiss"]
[EventRounds "7"]
[EventCountry "NED"]
[Source "P.Boonen"]
[SourceDate "2014.10.10"]

1. e4 e5 2. Nf3 Nc6 3. Nc3 Nf6 4. g3 Bc5 5. Bg2 d6 6. d3 a6 7. O-O h6 8. h3 Be6
9. Be3 Qd7 10. Kh2 Bb4 11. a3 Bxc3 12. bxc3 d5 13. exd5 Nxd5 14. c4 Nxe3 15.
fxe3 O-O 16. Nh4 e4 17. Bxe4 Bxh3 18. Nf5 Bxf5 19. Rxf5 Rae8 20. Qh5 Rxe4 21.
dxe4 Qd2+ 22. Kh3 Qxc2 23. Qd1 Qxe4 24. Qd5 Qxe3 25. Rf3 Qe7 26. Raf1 Nd8 27.
Rd3 Ne6 28. Kg2 Ng5 29. Rdd1 Qxa3 30. Qxb7 Qa2+ 31. Rf2 Qxc4 32. Ra1 Re8 33.
Rxa6 Qg4 34. Ra8 Qh3+ 35. Kg1 Qxg3+ 36. Kf1 Qd3+ 37. Kg2 Rxa8 38. Qxa8+ Kh7 39.
Qc8 Qg6 0-1

[Event "BPB Limburg open A"]
[Site "Maastricht"]
[Date "2014.06.09"]
[Round "7"]
[White "Rey, Fabrice"]
[Black "Cioara, Andrei Nestor"]
[Result "1-0"]
[WhiteElo "2147"]
[BlackElo "2438"]
[PlyCount "57"]
[EventDate "2014.06.06"]
[EventType "swiss"]
[EventRounds "7"]
[EventCountry "NED"]
[Source "P.Boonen"]
[SourceDate "2014.10.10"]

1. d4 e6 2. c4 Nf6 3. g3 c5 4. d5 exd5 5. cxd5 b5 6. e4 Nxe4 7. Qe2 Qe7 8. Bg2
Nd6 9. Be3 Na6 10. a4 b4 11. Nd2 Bb7 12. Rc1 Rc8 13. Nc4 Kd8 14. Nh3 g6 15.
Nxd6 Qxd6 16. Ng5 Qf6 17. O-O h6 18. Ne4 Qb6 19. Rfd1 d6 20. Nd2 Nb8 21. Re1
Nd7 22. Nc4 Qa6 23. Bf4 Kc7 24. g4 Rd8 25. b3 Bc8 26. Bf1 Nb6 27. Nxd6 Rxd6 28.
Rxc5+ Kb8 29. Qb2 1-0

[Event "BPB Limburg open A"]
[Site "Maastricht"]
[Date "2014.06.09"]
[Round "7"]
[White "Roggeveen, Pieter"]
[Black "Braun, Christian"]
[Result "1/2-1/2"]
[WhiteElo "2211"]
[BlackElo "2358"]
[PlyCount "119"]
[EventDate "2014.06.06"]
[EventType "swiss"]
[EventRounds "7"]
[EventCountry "NED"]
[Source "P.Boonen"]
[SourceDate "2014.10.10"]

1. c4 g6 2. g3 Nf6 3. Bg2 d5 4. cxd5 Nxd5 5. Nc3 Nb6 6. d3 Bg7 7. Be3 Nc6 8.
Nf3 e5 9. Qd2 Nd4 10. Rc1 O-O 11. Bh6 Re8 12. Bxg7 Kxg7 13. Ng5 c6 14. O-O Ne6
15. Nxe6+ Bxe6 16. Ne4 Bd5 17. a3 a5 18. h4 h6 19. Rfd1 a4 20. Qb4 Bxe4 21.
Bxe4 Qd4 22. Qd2 Red8 23. Bf3 Rd7 24. Rc2 Re7 25. Rdc1 Rf8 26. Qa5 Ra8 27. Qd2
f5 28. Bg2 Rf8 29. Qb4 Rff7 30. b3 Qxb4 31. axb4 axb3 32. Rb2 Na8 33. b5 cxb5
34. Rxb3 Nc7 35. Bxb7 Ne6 36. Bd5 Nd4 37. Rb2 Rc7 38. Rxc7 Rxc7 39. e3 Rc5 40.
exd4 Rxd5 41. dxe5 Rxe5 42. d4 Rd5 43. f4 g5 44. fxg5 hxg5 45. hxg5 Kg6 46. Kf2
Kxg5 47. Kf3 Kf6 48. Ke3 Ke6 49. Kd3 Kd7 50. Kc3 Kc6 51. Rf2 Kb6 52. Rf1 Kc6
53. Rf2 Kd7 54. Rb2 Ke6 55. Kd3 Kf6 56. Ke3 Kg6 57. Kf3 Kg5 58. Rb1 Rxd4 59.
Rxb5 Rd3+ 60. Kf2 1/2-1/2

[Event "BPB Limburg open A"]
[Site "Maastricht"]
[Date "2014.06.09"]
[Round "7"]
[White "Roos, Adrian"]
[Black "Ritsema, Ronald"]
[Result "1/2-1/2"]
[WhiteElo "2201"]
[BlackElo "2011"]
[PlyCount "62"]
[EventDate "2014.06.06"]
[EventType "swiss"]
[EventRounds "7"]
[EventCountry "NED"]
[Source "P.Boonen"]
[SourceDate "2014.10.10"]

1. d4 Nf6 2. c4 g6 3. Nc3 Bg7 4. e4 d6 5. Be2 O-O 6. Nf3 e5 7. Be3 exd4 8. Nxd4
Re8 9. f3 c6 10. Bf2 d5 11. exd5 cxd5 12. O-O Nc6 13. c5 Re5 14. Bb5 Bd7 15.
Qa4 Qc8 16. Rfe1 Rxe1+ 17. Rxe1 a6 18. Bxc6 Bxc6 19. Qc2 a5 20. b3 Nd7 21. Nde2
Qf8 22. Nb1 Rc8 23. a3 Bb5 24. Nec3 Bc6 25. b4 axb4 26. axb4 d4 27. Ne2 b6 28.
Nxd4 bxc5 29. Nxc6 Rxc6 30. Qa4 Qc8 31. bxc5 Kf8 1/2-1/2

[Event "BPB Limburg open A"]
[Site "Maastricht"]
[Date "2014.06.09"]
[Round "7"]
[White "Sanijs, Frans"]
[Black "Bus, Tom"]
[Result "1/2-1/2"]
[WhiteElo "2045"]
[BlackElo "2129"]
[PlyCount "26"]
[EventDate "2014.06.06"]
[EventType "swiss"]
[EventRounds "7"]
[EventCountry "NED"]
[Source "P.Boonen"]
[SourceDate "2014.10.10"]

1. d4 Nf6 2. c4 c5 3. d5 b5 4. cxb5 a6 5. b6 g6 6. Nc3 d6 7. Nf3 Nbd7 8. a4
Qxb6 9. a5 Qb4 10. Ra4 Qb7 11. e4 Bg7 12. Be2 O-O 13. O-O Ne8 1/2-1/2

[Event "BPB Limburg open A"]
[Site "Maastricht"]
[Date "2014.06.09"]
[Round "7"]
[White "Schenning, Albert"]
[Black "Arnelind, Mikael"]
[Result "1/2-1/2"]
[WhiteElo "2017"]
[BlackElo "2160"]
[PlyCount "40"]
[EventDate "2014.06.06"]
[EventType "swiss"]
[EventRounds "7"]
[EventCountry "NED"]
[Source "P.Boonen"]
[SourceDate "2014.10.10"]

1. e4 e6 2. d4 d5 3. Nc3 Bb4 4. e5 c5 5. a3 Bxc3+ 6. bxc3 Qc7 7. Qg4 f5 8. exf6
Nxf6 9. Qg3 Qxg3 10. hxg3 c4 11. Be2 Bd7 12. Bh5+ Nxh5 13. Rxh5 Ba4 14. Kd1 O-O
15. Nf3 Nd7 16. Be3 Rae8 17. Kc1 Nf6 18. Rh4 Rc8 19. Rb1 b6 20. Kb2 Be8 1/2-1/2